Sports Quiz

Random Sports or College Quiz
Score 0/60 Timer 10:00
0 Plays Today
College/Country Player % Correct
Ohio StateGreg Oden
94.1%
FloridaAl Horford
94.1%
TexasKevin Durant
88.2%
GeorgetownJeff Green
82.4%
FloridaTaurean Green
82.4%
Ohio StateMike Conley
76.5%
FloridaJoakim Noah
76.5%
FloridaCorey Brewer
64.7%
Boston CollegeSean Williams
64.7%
ArizonaMarcus Williams
64.7%
Colorado StateJason Smith
47.1%
North CarolinaBrandan Wright
41.2%
Texas A&MAcie Law
41.2%
KansasJulian Wright
41.2%
ChinaYi Jianlian
35.3%
SpainMarc Gasol
35.3%
Georgia TechThaddeus Young
29.4%
USCNick Young
29.4%
SpainRudy Fernandez
29.4%
BrazilTiago Splitter
29.4%
ItalyMarco Belinelli
23.5%
Boston CollegeJared Dudley
23.5%
OregonAaron Brooks
23.5%
ProvidenceHerbert Hill
23.5%
Florida StateAl Thornton
17.6%
Eastern WashingtonRodney Stuckey
17.6%
DePaulWilson Chandler
17.6%
UCLAArron Afflalo
17.6%
MaristJared Jordan
17.6%
Oklahoma StateJamesOn Curry
17.6%
College/Country Player % Correct
WashingtonSpencer Hawes
11.8%
RiceMorris Almond
11.8%
WisconsinAlando Tucker
11.8%
FinlandPetteri Koponen
11.8%
LSUGlen Davis
11.8%
FloridaChris Richard
11.8%
Georgia TechJavaris Crittenton
5.9%
Ohio StateDaequan Cook
5.9%
PurdueCarl Landry
5.9%
DukeJosh McRoberts
5.9%
North CarolinaReyshawn Terry
5.9%
NevadaRamon Sessions
5.9%
GreeceGeorgios Printezis
5.9%
USCGabe Pruitt
0%
NevadaNick Fazekas
0%
AlabamaJermareo Davidson
0%
UkraineKyrylo Fesenko
0%
BosniaStanko Barac
0%
ChinaSun Yue
0%
VanderbiltDerrick Byars
0%
IowaAdam Haluska
0%
MassachusettsStephane Lasme
0%
Fresno StateDominic McGuire
0%
PittsburghAaron Gray
0%
LithuaniaRenaldas Seibutis
0%
SyracuseDemetris Nichols
0%
AustraliaBrad Newley
0%
DePaul Sammy Mejia
0%
SerbiaMilovan Rakovic
0%
MarylandDJ Strawberry
0%
Remove Ads.
Support Sporcle.
Get the best of Sporcle when you Go Orange. This ad-free experience offers more features, more stats, and more fun while also helping to support Sporcle. Thank you for becoming a member.

You're not logged in!

Compare scores with friends on all Sporcle quizzes.
OR
Log In

Show Comments

Extras

Top Quizzes Today


Score Distribution

Your Account Isn't Verified!

In order to create a playlist on Sporcle, you need to verify the email address you used during registration. Go to your Sporcle Settings to finish the process.

Report this User

Report this user for behavior that violates our Community Guidelines.

Details: